000 00619nam a2200253Ia 4500
003 OSt
005 20221006142934.0
006 a|||||r|||| 00| 0
007 ta
008 221006b |||||||| |||| 00| 0 eng d
020 _c
_8.95
024 _a7,595
037 _cTextual
040 _aEASL
_cEASL
_beng
041 _2eng
_aeng
082 _aY71-741, L4
100 _aSHAPIRO Harry L
245 0 _aPeking man
260 _aNew York
_bSimon and Schuster
_c1974
300 _a190p.
_ccm.
490 _v Oth
942 _hY71-741, L4
_cTEXL
_2CC
999 _c1075681
_d1075681